A vadon élő állatok károkozásának polgári jogi vonatkozásai
Elmentve itt :
| Szerző: | |
|---|---|
| További közreműködők: | |
| Dokumentumtípus: | Szakdolgozat |
| Megjelent: |
2004
|
| Tárgyszavak: | |
| Online Access: | http://diploma.bibl.u-szeged.hu/28375 |
| LEADER | 00596nta a2200157 i 4500 | ||
|---|---|---|---|
| 001 | dipl28375 | ||
| 005 | 20130314085538.0 | ||
| 008 | 110714s2004 hu om 0|| zxx d | ||
| 040 | |a SZTE Diploma Repozitórium |b hun | ||
| 041 | |a zxx | ||
| 100 | 1 | |a Mocsai Gellért | |
| 245 | 1 | 2 | |a A vadon élő állatok károkozásának polgári jogi vonatkozásai |h [elektronikus dokumentum] / |c Gellért Mocsai |
| 260 | |c 2004 | ||
| 650 | 4 | |a Jogi és igazgatási tanulmányok | |
| 700 | 2 | |a Kónyáné Dr. Simics Zsuzsanna |e ths | |
| 856 | 4 | 0 | |u http://diploma.bibl.u-szeged.hu/id/eprint/28375/1/2004_mocsai_gellert.pdf |z Dokumentum-elérés |